000 00492nam a2200181Ia 4500
005 20250508160400.0
008 008 250505s9999 xx 000 0 eng d
037 _aTextual
040 _aFEDL
_beng
_cFEDL
041 _aeng
_2eng
084 _a574, NUF
_qFEDL
245 0 _aPerpetuation of life
260 _aHarmondsworth
_bPenguin Book Ltd
_c1971
300 _axii,206p.
490 _aNuffield biology text year 5
942 _cTEXL
_h574, NUF
999 _c1364243
_d1364243